| 000 | 01336nam a22003617a 4500 | ||
|---|---|---|---|
| 003 | CHAP | ||
| 005 | 20220329133236.0 | ||
| 008 | 971013s1982 r 00010 d | ||
| 010 | _a3821 | ||
| 011 | _a4793 | ||
| 035 | _a3997 | ||
| 040 | _cCHAP | ||
| 082 |
_a317.2 M4 _bPue. |
||
| 110 |
_aMéxico. Coordinación General de los Servicios Nacionales de Estadística, Geografía e Informática _976893 |
||
| 245 | _aManual de estadísticas básicas del estado de Puebla | ||
| 260 |
_aMéxico, D. F. : _bLa Coordinación, _c1982 |
||
| 300 | _a2 v. | ||
| 500 | _ac.c. Anuario estadístico de Puebla | ||
| 500 | _aD51-148 | ||
| 590 |
_aBATCH-UPD _b10 _c20130110 _lUCH01 _h2132 |
||
| 590 |
_aBATCH-UPD _b10 _c20130410 _lUCH01 _h1441 |
||
| 590 |
_aBATCH-UPD _b10 _c20130914 _lUCH01 _h1454 |
||
| 590 |
_aCONVERSION _b10 _c20130109 _lUCH01 _h1303 |
||
| 650 | 1 | 4 |
_aAgricultura _xEstadisticas _zPuebla. _91463 |
| 650 | 1 | 4 |
_aGanadería _xEstadísticas _zPuebla. _944721 |
| 650 | 1 | 4 |
_aPuebla _xEstadísticas. _992876 |
| 901 | _aBK | ||
| 942 | _cLIBRO | ||
| 949 |
_a317.2 M4 Pue. _bBC _cC _d-74515 _eC _fv.1 c.2 _h61851 _i3997 _si |
||
| 949 |
_a317.2 M4 Pue. _bBC _cC _d33724000280103 _eC _fv.2 _h61524 _i3997 _si |
||
| 949 |
_a317.2 M4 Pue. _bBC _cC _d33724000280616 _eC _fv.2 c.2 _h61852 _i3997 _si |
||
| 949 |
_a317.2 M4 Pue. _bBC _cMUT _d-13528 _eMUT _fv.1 _h61523 _i3997 _si |
||
| 999 |
_c3821 _d3821 |
||